[Event "Vesterhavsturneringen 2004"]
[Site "Esbjerg"]
[Date "2004.07.04"]
[Round "3"]
[White "Bonnelykke, Ole"]
[Black "Munksgaard, Dennis"]
[Result "0-1"]
[WhiteElo "2065"]
[BlackElo "1846"]
[PlyCount "80"]
[EventDate "2004.??.??"]
[EventType "swiss"]
[EventRounds "9"]
[EventCountry "DEN"]

1. e4 e5 2. Nf3 Nc6 3. Bb5 a6 4. Ba4 Nf6 5. O-O b5 6. Bb3 Be7 7. Re1 d6 8. c3
Bg4 9. d3 Na5 10. Bc2 c5 11. Bg5 Nc6 12. Nbd2 O-O 13. Nf1 Nh5 14. Be3 Qd7 15.
Ng3 Nxg3 16. hxg3 f5 17. Bb3+ Kh8 18. Bd5 Rac8 19. Qe2 Rf6 20. Bg5 Rg6 21. Bxc6
Rxc6 22. Bxe7 Qxe7 23. exf5 Bxf5 24. Nh4 Rf6 25. f4 c4 26. dxc4 Qa7+ 27. Kh1
Rxc4 28. fxe5 Rh6 29. Qe3 Qxe3 30. Rxe3 g5 31. exd6 gxh4 32. g4 Rxg4 33. Rf1
Bd7 34. Rf8+ Rg8 35. Rf7 Bc6 36. d7 h3 37. Rg3 hxg2+ 38. Kg1 Rh1+ 39. Kf2 Rf1+
40. Ke2 g1=Q 0-1

[Event "Vesterhavsturneringen 2004"]
[Site "Esbjerg"]
[Date "2004.07.04"]
[Round "3"]
[White "Christensen, Henrik"]
[Black "Nielsen, Anders"]
[Result "0-1"]
[WhiteElo "1874"]
[BlackElo "1733"]
[PlyCount "62"]
[EventDate "2004.??.??"]
[EventType "swiss"]
[EventRounds "9"]
[EventCountry "DEN"]

1. e4 c5 2. Nf3 d6 3. d4 cxd4 4. Nxd4 Nf6 5. Nc3 g6 6. f3 a6 7. Be3 Bg7 8. Qd2
Nc6 9. O-O-O h5 10. Nxc6 bxc6 11. e5 Nd5 12. Nxd5 cxd5 13. exd6 Rb8 14. c3 Qxd6
15. Qxd5 Qc7 16. Qd2 O-O 17. Bf4 e5 18. Bg5 Be6 19. g4 hxg4 20. fxg4 Bxa2 21.
Bd3 Qa5 22. h4 Bd5 23. Rde1 Qa1+ 24. Bb1 Bxh1 25. Rxh1 e4 26. Rh3 Rfc8 27. h5
gxh5 28. gxh5 Rb3 29. Qc2 Rcb8 30. Bf4 Rxb2 31. Bxb8 Bh6+ 0-1

[Event "Vesterhavsturneringen 2004"]
[Site "Esbjerg"]
[Date "2004.07.04"]
[Round "3"]
[White "Christensen, Svend Ib"]
[Black "Rosenberg, Jan"]
[Result "1-0"]
[WhiteElo "1517"]
[BlackElo "1786"]
[PlyCount "113"]
[EventDate "2004.??.??"]
[EventType "swiss"]
[EventRounds "9"]
[EventCountry "DEN"]

1. d4 Nf6 2. c4 c5 3. Nf3 e6 4. e3 d5 5. Nc3 Nc6 6. Be2 a6 7. O-O Bd6 8. dxc5
Bxc5 9. cxd5 exd5 10. a3 O-O 11. b4 Be7 12. Bb2 Be6 13. Rc1 Rc8 14. Re1 b5 15.
h3 Qb6 16. Bd3 Rfd8 17. Ne2 Ne4 18. Nfd4 Ne5 19. Nf5 Bxf5 20. Bxe5 Rxc1 21.
Nxc1 Qg6 22. Qf3 Be6 23. Ne2 Nd2 24. Bxg6 Nxf3+ 25. gxf3 hxg6 26. Kg2 Rc8 27.
Rc1 Rc4 28. Rxc4 dxc4 29. Bc3 Bf6 30. Nd4 Kf8 31. Kg3 Ke8 32. f4 Kd7 33. e4 Be7
34. f3 f6 35. h4 Bf7 36. Kh3 Kd6 37. Kg3 Kc7 38. Kh3 Bd6 39. Kg3 Be8 40. Ne6+
Kd7 41. Nxg7 g5 42. hxg5 fxg5 43. e5 gxf4+ 44. Kxf4 Bf8 45. Nxe8 Bh6+ 46. Ke4
Kxe8 47. f4 Kf7 48. f5 Bc1 49. Kd5 Bxa3 50. e6+ Ke8 51. Kc6 a5 52. bxa5 b4 53.
a6 bxc3 54. a7 Be7 55. a8=Q+ Bd8 56. Qa7 Be7 57. f6 1-0

[Event "Vesterhavsturneringen 2004"]
[Site "Esbjerg"]
[Date "2004.07.04"]
[Round "3"]
[White "Damm, Kasper Wilken"]
[Black "Dyrgaard, Kristoffer"]
[Result "1-0"]
[WhiteElo "2241"]
[BlackElo "1890"]
[PlyCount "127"]
[EventDate "2004.??.??"]
[EventType "swiss"]
[EventRounds "9"]
[EventCountry "DEN"]

1. e4 g6 2. d4 Bg7 3. c4 d6 4. Nc3 Nd7 5. f3 e5 6. d5 Ne7 7. Nh3 O-O 8. Nf2 f5
9. Be2 Nf6 10. Be3 Bd7 11. Qc2 a6 12. g4 Kh8 13. h4 f4 14. Bd2 h5 15. g5 Nh7
16. b4 c5 17. bxc5 dxc5 18. a4 Qc7 19. a5 Rfb8 20. Na4 Nc8 21. Nd3 Bxa4 22.
Qxa4 Nf8 23. Bf1 Nd7 24. Bh3 b5 25. axb6 Ndxb6 26. Qa5 Nd6 27. Rc1 Ra7 28. Qa2
a5 29. O-O a4 30. Rc3 Nb7 31. Ra3 Na5 32. Bxa5 Rxa5 33. Rc1 Bf8 34. Nb2 Qd8 35.
Nd1 Be7 36. Bf1 Qd7 37. Nc3 Kg7 38. Ra1 Rba8 39. Kh2 Qd8 40. Qg2 Qd7 41. R1a2
Kf8 42. Qh3 Ke8 43. Qxd7+ Kxd7 44. Kg1 Bd6 45. Kf2 Be7 46. Ke1 Kc7 47. Kd2 R8a6
48. Kd3 Bd8 49. Be2 Kd7 50. Bd1 Ra7 51. Nxa4 Nxa4 52. Rxa4 Rxa4 53. Rxa4 Rxa4
54. Bxa4+ Ke7 55. d6+ Kf8 56. Bd7 Ba5 57. Ke2 Kf7 58. Bc6 Kf8 59. Bd5 Ke8 60.
Kd1 Kf8 61. Be6 Ke8 62. Kc2 Be1 63. Kb3 Bxh4 64. Ka4 1-0

[Event "Vesterhavsturneringen 2004"]
[Site "Esbjerg"]
[Date "2004.07.04"]
[Round "3"]
[White "Dorup, Ivar"]
[Black "Madsen, Svend"]
[Result "0-1"]
[WhiteElo "1690"]
[BlackElo "1502"]
[PlyCount "92"]
[EventDate "2004.??.??"]
[EventType "swiss"]
[EventRounds "9"]
[EventCountry "DEN"]

1. d4 f5 2. g3 Nf6 3. Bg2 e6 4. Nh3 d5 5. O-O Be7 6. Nd2 O-O 7. c3 Qe8 8. f3
Nbd7 9. e4 h6 10. exf5 exf5 11. Nf4 Nb6 12. Re1 Qf7 13. Qc2 Bd6 14. Nf1 Bd7 15.
b3 Rae8 16. Bd2 Rxe1 17. Rxe1 Re8 18. Rxe8+ Qxe8 19. Nd3 c6 20. Bf4 Bxf4 21.
Nxf4 g5 22. Nd3 Be6 23. Ne5 Nbd7 24. Ne3 f4 25. Nf5 Bxf5 26. Qxf5 fxg3 27. hxg3
Kg7 28. Bf1 Nxe5 29. dxe5 Nd7 30. Bd3 Nf8 31. Qf6+ Kg8 32. Bf5 Qf7 33. Qxf7+
Kxf7 34. f4 gxf4 35. gxf4 Ne6 36. Bxe6+ Kxe6 37. Kg2 c5 38. Kg3 d4 39. cxd4
cxd4 40. Kf3 Kd5 41. e6 Kxe6 42. Ke4 d3 43. Kxd3 Kf5 44. Ke3 b5 45. b4 h5 46.
Kf3 h4 0-1

[Event "Vesterhavsturneringen 2004"]
[Site "Esbjerg"]
[Date "2004.07.04"]
[Round "3"]
[White "Fedorchuk, Sergey"]
[Black "Jakobsen, Martin Skov"]
[Result "1-0"]
[WhiteElo "2569"]
[BlackElo "2139"]
[PlyCount "75"]
[EventDate "2004.??.??"]
[EventType "swiss"]
[EventRounds "9"]
[EventCountry "DEN"]

1. e4 c5 2. Nf3 d6 3. d4 cxd4 4. Nxd4 Nf6 5. Nc3 a6 6. Be3 Ng4 7. Bg5 h6 8. Bh4
g5 9. Bg3 Bg7 10. Be2 h5 11. Bxg4 Bxg4 12. f3 Bd7 13. Bf2 Nc6 14. O-O Bxd4 15.
Bxd4 e5 16. Be3 Be6 17. Qd2 f6 18. Rad1 Ke7 19. Na4 b5 20. Nb6 Rb8 21. Nd5+
Bxd5 22. exd5 Na5 23. b3 h4 24. Rc1 Rc8 25. a4 Qc7 26. axb5 axb5 27. Qb4 h3 28.
Qxb5 hxg2 29. Rf2 Rb8 30. Qd3 Nb7 31. Rxg2 Nc5 32. Qc4 Rh4 33. Qc3 Rb7 34. Rxg5
Kf7 35. Rg2 Rh3 36. Rf1 Qe7 37. Bxc5 dxc5 38. d6 1-0

[Event "Vesterhavsturneringen 2004"]
[Site "Esbjerg"]
[Date "2004.07.04"]
[Round "3"]
[White "Flindt, Thomas"]
[Black "Jakobsen, Ole"]
[Result "1/2-1/2"]
[WhiteElo "2117"]
[BlackElo "2379"]
[PlyCount "82"]
[EventDate "2004.??.??"]
[EventType "swiss"]
[EventRounds "9"]
[EventCountry "DEN"]

1. e4 c5 2. Nf3 e6 3. d4 cxd4 4. Nxd4 Nc6 5. Be3 Nf6 6. Nd2 d6 7. Bc4 Be7 8.
O-O O-O 9. Qe2 Bd7 10. c3 Nxd4 11. Bxd4 Bc6 12. f3 e5 13. Bf2 Qc7 14. Rfe1 Qd7
15. Rad1 b5 16. Bb3 a5 17. Nf1 a4 18. Bc2 g6 19. Bh4 Nh5 20. Bxe7 Qxe7 21. Ne3
Nf4 22. Qf1 Rad8 23. g3 Ne6 24. Nd5 Qa7+ 25. Qf2 Qb7 26. Nb4 f5 27. Nxc6 Qxc6
28. Qd2 f4 29. g4 Kg7 30. Kg2 h5 31. h3 Rh8 32. Rh1 Kf6 33. a3 Qc5 34. Qd3 Ke7
35. Bb1 hxg4 36. hxg4 Ng5 37. Ba2 Rdf8 38. Qd5 Rxh1 39. Rxh1 Qe3 40. Rh7+ Nxh7
41. Qe6+ Kd8 1/2-1/2

[Event "Vesterhavsturneringen 2004"]
[Site "Esbjerg"]
[Date "2004.07.04"]
[Round "3"]
[White "Fredgaard, Jonathan"]
[Black "Sig, Preben"]
[Result "0-1"]
[WhiteElo "1563"]
[BlackElo "1800"]
[PlyCount "95"]
[EventDate "2004.??.??"]
[EventType "swiss"]
[EventRounds "9"]
[EventCountry "DEN"]

1. e4 Nf6 2. e5 Nd5 3. c4 Nb6 4. c5 Nd5 5. Bc4 e6 6. Nc3 Nxc3 7. dxc3 Nc6 8.
Bf4 Bxc5 9. Qg4 O-O 10. Bh6 g6 11. Bxf8 Bxf8 12. f4 h5 13. Qf3 Nxe5 14. Qe2
Nxc4 15. Qxc4 d5 16. O-O-O Bd7 17. Qd3 Ba4 18. Re1 c5 19. g4 Qh4 20. Qg3 Qxg4
21. Qxg4 hxg4 22. Ne2 Re8 23. h3 g3 24. Nxg3 Bh6 25. Rhf1 e5 26. Kb1 Bxf4 27.
Rg1 Kf8 28. Ne2 Bd2 29. Ref1 Bb5 30. Rd1 Be3 31. Rg2 d4 32. cxd4 cxd4 33. Ng3
Bc6 34. Rc2 f5 35. Rc4 f4 36. Nf1 Bf2 37. Nh2 Rc8 38. Ka1 Bd7 39. Rxc8+ Bxc8
40. Ng4 Bxg4 41. hxg4 e4 42. b3 e3 43. Rxd4 e2 44. Rxf4+ Kg7 45. Re4 e1=Q+ 46.
Rxe1 Bxe1 47. Kb2 Kf6 48. Kc2 0-1

[Event "Vesterhavsturneringen 2004"]
[Site "Esbjerg"]
[Date "2004.07.04"]
[Round "3"]
[White "Hamann, Brian"]
[Black "Jorgensen, Miki Worm"]
[Result "1-0"]
[WhiteElo "1667"]
[BlackElo "1333"]
[PlyCount "53"]
[EventDate "2004.??.??"]
[EventType "swiss"]
[EventRounds "9"]
[EventCountry "DEN"]

1. d4 d5 2. c4 c6 3. Nc3 Nf6 4. Bg5 Bf5 5. e3 Nbd7 6. Nf3 Qc7 7. Rc1 e6 8. cxd5
exd5 9. Qb3 Rc8 10. Be2 Bd6 11. O-O O-O 12. h3 h6 13. Nb5 Qb8 14. Nxd6 Qxd6 15.
Bf4 Qe6 16. Qxb7 Ne4 17. Ne5 f6 18. Qxd7 Qxd7 19. Nxd7 Bxd7 20. Rfd1 Bf5 21.
Ba6 Rcd8 22. Rxc6 Rf7 23. h4 Rfd7 24. Bc8 Rxc8 25. Rxc8+ Kh7 26. Rc6 Re7 27. f3
1-0

[Event "Vesterhavsturneringen 2004"]
[Site "Esbjerg"]
[Date "2004.07.04"]
[Round "3"]
[White "Hansen, Erik Hedegaard"]
[Black "Nielsen, Henrik Lindholt"]
[Result "0-1"]
[WhiteElo "1738"]
[BlackElo "1839"]
[PlyCount "102"]
[EventDate "2004.??.??"]
[EventType "swiss"]
[EventRounds "9"]
[EventCountry "DEN"]

1. d4 Nf6 2. c4 g6 3. Nc3 d5 4. e3 Bg7 5. Nf3 O-O 6. Be2 c5 7. O-O dxc4 8. Bxc4
Bg4 9. Be2 cxd4 10. Nxd4 Bxe2 11. Qxe2 e5 12. Ndb5 a6 13. Rd1 Qe7 14. Nd6 Nc6
15. Nde4 Nxe4 16. Nxe4 Rad8 17. Bd2 Rd7 18. Bc3 Rfd8 19. Rxd7 Qxd7 20. Nc5 Qe7
21. Ne4 Bf8 22. Rd1 f5 23. Qc4+ Kg7 24. Rxd8 Qxd8 25. Nd2 Be7 26. Qe6 Bf6 27.
g3 Qe7 28. Qxe7+ Nxe7 29. Nc4 e4 30. Bxf6+ Kxf6 31. Kf1 Ke6 32. Ke2 Kd5 33. Nd2
Nc6 34. a3 Ne5 35. f4 exf3+ 36. Nxf3 Nxf3 37. Kxf3 Ke5 38. h4 h6 39. Kf2 Ke6
40. Ke2 g5 41. hxg5 hxg5 42. Kf2 a5 43. a4 Ke5 44. Kf3 Kd5 45. b3 b6 46. Kg2 g4
47. Kf2 Kc5 48. e4 fxe4 49. Ke3 Kd5 50. Kf4 Kd4 51. Kxg4 Kd3 0-1

[Event "Vesterhavsturneringen 2004"]
[Site "Esbjerg"]
[Date "2004.07.04"]
[Round "3"]
[White "Hansen, Mads Kjaer"]
[Black "Jensen, Jorgen Tranbjerg"]
[Result "1/2-1/2"]
[WhiteElo "1331"]
[BlackElo "1557"]
[PlyCount "105"]
[EventDate "2004.??.??"]
[EventType "swiss"]
[EventRounds "9"]
[EventCountry "DEN"]

1. e4 c6 2. d4 d5 3. e5 Bf5 4. c4 e6 5. cxd5 cxd5 6. Nc3 Nc6 7. a3 Qb6 8. Bb5
Nge7 9. Nge2 a6 10. Bxc6+ Nxc6 11. O-O Be7 12. Na4 Qc7 13. Be3 O-O 14. Ng3 Bg6
15. Rc1 f5 16. f4 Bh4 17. Rf3 Qe7 18. Bf2 Bxg3 19. Rxg3 Rac8 20. Nc5 Rc7 21.
Rcc3 Na5 22. Na4 Rxc3 23. Rxc3 Nc4 24. Nc5 Nxb2 25. Qb1 Nc4 26. Qxb7 Qxb7 27.
Nxb7 Rb8 28. Rb3 Nd2 29. Rb4 Nc4 30. Nc5 Rc8 31. Nxe6 Nxa3 32. h3 a5 33. Rb7
Bf7 34. Ng5 Be8 35. g4 fxg4 36. hxg4 Nc4 37. f5 Ra8 38. f6 gxf6 39. exf6 Bg6
40. Rg7+ Kh8 41. Nf7+ Bxf7 42. Rxf7 a4 43. Be1 a3 44. Bc3 a2 45. Ba1 Ne3 46.
Re7 Nxg4 47. f7 Rf8 48. Ra7 Kg7 49. Rxa2 Rxf7 50. Re2 Rc7 51. Kg2 Kf6 52. Kh3
Kf5 53. Kh4 1/2-1/2

[Event "Vesterhavsturneringen 2004"]
[Site "Esbjerg"]
[Date "2004.07.04"]
[Round "3"]
[White "Henriksen, Rene"]
[Black "Konstantinov, Maxim"]
[Result "1-0"]
[WhiteElo "1293"]
[BlackElo "1519"]
[PlyCount "103"]
[EventDate "2004.??.??"]
[EventType "swiss"]
[EventRounds "9"]
[EventCountry "DEN"]

1. e4 c5 2. Nf3 d6 3. d4 cxd4 4. Nxd4 Nc6 5. Nc3 g6 6. Bb5 Bd7 7. Be3 Bg7 8.
O-O Nf6 9. Qd2 Ng4 10. Bg5 O-O 11. Nxc6 bxc6 12. Bc4 h6 13. Bf4 e5 14. Bg3 Qe7
15. Rad1 Be6 16. Bxe6 Qxe6 17. Qxd6 Rad8 18. Qxe6 fxe6 19. h3 Nf6 20. Bxe5 Kf7
21. Bd4 a6 22. Bc5 Rfe8 23. f3 Rd7 24. Rd6 Rxd6 25. Bxd6 Rd8 26. Rd1 Ne8 27. e5
Nxd6 28. exd6 Rb8 29. Na4 a5 30. b3 e5 31. d7 Bf6 32. c4 Be7 33. Kf1 Rd8 34.
Nb6 Ke6 35. Ke2 Bc5 36. Na4 Bd4 37. Kd3 Rxd7 38. Ke4 Rf7 39. g3 g5 40. Rh1 Bf2
41. h4 Bxg3 42. hxg5 Rf4+ 43. Ke3 hxg5 44. Rh6+ Rf6 45. Nc5+ Ke7 46. Rxf6 Bf4+
47. Kd3 Kxf6 48. Nb7 Kf5 49. Nxa5 g4 50. fxg4+ Kxg4 51. Nxc6 Kf3 52. Nxe5+ 1-0

[Event "Vesterhavsturneringen 2004"]
[Site "Esbjerg"]
[Date "2004.07.04"]
[Round "3"]
[White "Hoiberg, Erling"]
[Black "Skytte, Rasmus"]
[Result "0-1"]
[WhiteElo "2135"]
[BlackElo "2403"]
[PlyCount "84"]
[EventDate "2004.??.??"]
[EventType "swiss"]
[EventRounds "9"]
[EventCountry "DEN"]

1. d4 Nf6 2. Nf3 d5 3. Bg5 Ne4 4. Bf4 c5 5. c3 cxd4 6. cxd4 Nc6 7. Nc3 e6 8.
Qb3 g5 9. Be3 Bg7 10. h3 f5 11. Nxe4 fxe4 12. Bxg5 Qc7 13. Ne5 Nxe5 14. dxe5
Qxe5 15. Bc1 O-O 16. g4 Qd4 17. e3 Qf6 18. Qc2 Bd7 19. a4 Rac8 20. Qd2 Qf3 21.
Rg1 Rc7 22. h4 Be5 23. Qe2 Qxe2+ 24. Bxe2 Rfc8 25. Bd2 Bxb2 26. Rb1 Bc3 27. Bd1
b6 28. Bb3 Kg7 29. Ke2 b5 30. Rgc1 b4 31. Rc2 a5 32. Rg1 Rc5 33. f3 exf3+ 34.
Kxf3 Rf8+ 35. Ke2 Bc8 36. Bxc3+ bxc3 37. Kd3 e5 38. Rcg2 Ba6+ 39. Kc2 d4 40.
exd4 exd4 41. Re1 d3+ 42. Kd1 Rc7 0-1

[Event "Vesterhavsturneringen 2004"]
[Site "Esbjerg"]
[Date "2004.07.04"]
[Round "3"]
[White "Jacobsen, Jacob"]
[Black "Carlstedt, Jonathan"]
[Result "0-1"]
[WhiteElo "1825"]
[BlackElo "2009"]
[PlyCount "78"]
[EventDate "2004.??.??"]
[EventType "swiss"]
[EventRounds "9"]
[EventCountry "DEN"]

1. e4 c5 2. Nf3 d6 3. h3 Nf6 4. Nc3 g6 5. Be2 Bg7 6. d3 O-O 7. O-O Nc6 8. Be3
Rb8 9. Qd2 b5 10. Bh6 b4 11. Nd1 a5 12. Bxg7 Kxg7 13. b3 Nd4 14. Ne3 Ba6 15.
Bd1 e6 16. Nh2 Ne8 17. f4 f5 18. exf5 exf5 19. Nf3 Qf6 20. Rb1 Nc7 21. Qf2 Ncb5
22. Nxd4 cxd4 23. Nd5 Qf7 24. Bf3 Bb7 25. c4 bxc3 26. a4 Bxd5 27. axb5 Bxf3 28.
Qxd4+ Qf6 29. Qxf6+ Kxf6 30. Rxf3 Rxb5 31. d4 Rc8 32. Rf2 Rcb8 33. Ra1 Rxb3 34.
Rxa5 Rb1+ 35. Kh2 R8b2 36. Rxb2 Rxb2 37. Ra3 c2 38. Rc3 Ke6 39. Kg3 Rb3 0-1

[Event "Vesterhavsturneringen 2004"]
[Site "Esbjerg"]
[Date "2004.07.04"]
[Round "3"]
[White "Jakobsen, Christian Kjaergaar"]
[Black "Hartvig, Ove Weiss"]
[Result "0-1"]
[WhiteElo "2044"]
[BlackElo "2212"]
[PlyCount "94"]
[EventDate "2004.??.??"]
[EventType "swiss"]
[EventRounds "9"]
[EventCountry "DEN"]

1. e4 c5 2. c3 Qa5 3. Nf3 Nc6 4. Be2 Nf6 5. d3 g6 6. O-O d6 7. Nbd2 Bg7 8. Nc4
Qc7 9. Bg5 h6 10. Bh4 O-O 11. Nfd2 e5 12. a4 Be6 13. Qc2 b6 14. Rfc1 d5 15. Ne3
Qd7 16. Bxf6 Bxf6 17. exd5 Bxd5 18. Nxd5 Qxd5 19. Bf3 Qd7 20. Ne4 Bg7 21. Rd1
Rad8 22. h3 Kh8 23. Qb3 f5 24. Ng3 Rf6 25. Qc2 Rd6 26. Be2 Ne7 27. Nf1 Nd5 28.
Ne3 Nxe3 29. fxe3 h5 30. Rab1 Bh6 31. e4 Be3+ 32. Kh1 f4 33. b4 cxb4 34. Rxb4
g5 35. Bf1 g4 36. Qe2 Qg7 37. g3 Bc5 38. Rc4 fxg3 39. d4 exd4 40. e5 Rd5 41.
cxd4 Bxd4 42. Qe4 Qxe5 43. Qxe5+ Bxe5 44. Rxd5 Rxd5 45. hxg4 Rd1 46. Kg2 Rd2+
47. Kh1 g2+ 0-1

[Event "Vesterhavsturneringen 2004"]
[Site "Esbjerg"]
[Date "2004.07.04"]
[Round "3"]
[White "Jensen, Alexander Tranberg"]
[Black "Porsgaard, Per Lykke"]
[Result "0-1"]
[WhiteElo "1255"]
[BlackElo "1462"]
[PlyCount "84"]
[EventDate "2004.??.??"]
[EventType "swiss"]
[EventRounds "9"]
[EventCountry "DEN"]

1. d4 Nf6 2. Nf3 e6 3. Nc3 d5 4. Bf4 c5 5. Nb5 Qa5+ 6. Nc3 Nc6 7. e3 Ne4 8. Bd3
Nxc3 9. bxc3 Qxc3+ 10. Nd2 c4 11. Be2 Nb4 12. O-O Qxc2 13. a3 Qxd1 14. Rfxd1
Nc2 15. Ra2 Nxa3 16. Rda1 Nb5 17. Nxc4 dxc4 18. Bxc4 Bd7 19. Bxb5 Bxb5 20. Rxa7
Rxa7 21. Rxa7 Bc6 22. Bd6 Kd7 23. Bf4 Bd6 24. Bxd6 Kxd6 25. f3 Kd5 26. Ra5+ Kc4
27. Kf2 Rd8 28. Rc5+ Kd3 29. Rc1 Kd2 30. Ra1 Rd5 31. Ra2+ Kc3 32. Ra3+ Kb2 33.
Rd3 Kc2 34. Ra3 Rb5 35. e4 Rb4 36. Ra2+ Rb2 37. Ra3 Rb3 38. Ra2+ Kb1 39. Rd2
Rb2 40. Rxb2+ Kxb2 41. Ke3 Kc3 42. g4 b5 0-1

[Event "Vesterhavsturneringen 2004"]
[Site "Esbjerg"]
[Date "2004.07.04"]
[Round "3"]
[White "Jensen, Henrik Tranberg"]
[Black "Svensson, Sven"]
[Result "1/2-1/2"]
[WhiteElo "2035"]
[BlackElo "2117"]
[PlyCount "32"]
[EventDate "2004.??.??"]
[EventType "swiss"]
[EventRounds "9"]
[EventCountry "DEN"]

1. d4 Nf6 2. c4 e6 3. Nf3 Bb4+ 4. Bd2 Qe7 5. e3 O-O 6. Bd3 Bxd2+ 7. Qxd2 d6 8.
O-O e5 9. Be2 a5 10. Nc3 c6 11. d5 c5 12. e4 Na6 13. Ne1 Bd7 14. Nc2 Ne8 15. f4
f5 16. fxe5 Qxe5 1/2-1/2

[Event "Vesterhavsturneringen 2004"]
[Site "Esbjerg"]
[Date "2004.07.04"]
[Round "3"]
[White "Jensen, Leif"]
[Black "Klos, Bjarne"]
[Result "1/2-1/2"]
[WhiteElo "2057"]
[BlackElo "1758"]
[PlyCount "120"]
[EventDate "2004.??.??"]
[EventType "swiss"]
[EventRounds "9"]
[EventCountry "DEN"]

1. e4 e6 2. d4 d5 3. Nd2 c5 4. exd5 Qxd5 5. dxc5 Bxc5 6. Ngf3 Nf6 7. Bc4 Qc6 8.
O-O Nbd7 9. Qe2 a6 10. Nb3 Ba7 11. Nbd4 Qe4 12. Qxe4 Nxe4 13. Re1 Ndf6 14. Bd3
Nc5 15. Bf1 O-O 16. Bg5 b5 17. Nc6 Bb6 18. Be3 Bb7 19. Nfe5 Ncd7 20. Rad1 Nxe5
21. Nxe5 Bxe3 22. Rxe3 Rfd8 23. Red3 Rd5 24. Rxd5 Bxd5 25. a3 Rc8 26. c3 Ne4
27. f3 Nd6 28. Kf2 Nc4 29. Bxc4 bxc4 30. Ng4 Kf8 31. Ne3 Rc5 32. Rd2 Ke7 33.
Nc2 a5 34. Ke3 Rb5 35. Nd4 Rc5 36. f4 f5 37. g3 Kf6 38. Kf2 g5 39. fxg5+ Kxg5
40. Re2 Kf6 41. Nc2 Be4 42. Ne3 Bd3 43. Rd2 a4 44. Ng2 e5 45. Ke3 Rd5 46. Ne1
Kg5 47. Nxd3 Rxd3+ 48. Rxd3 f4+ 49. gxf4+ exf4+ 50. Ke4 cxd3 51. Kxd3 Kf5 52.
Kd4 h5 53. c4 f3 54. Ke3 f2 55. Kxf2 Ke4 56. Ke2 Kd4 57. c5 Kxc5 58. Kd3 h4 59.
h3 Kd5 60. Kc3 Kc5 1/2-1/2

[Event "Vesterhavsturneringen 2004"]
[Site "Esbjerg"]
[Date "2004.07.04"]
[Round "3"]
[White "Jensen, Thomas Astrup"]
[Black "Ditlevsen, Birgit"]
[Result "1-0"]
[WhiteElo "1570"]
[BlackElo "1229"]
[PlyCount "57"]
[EventDate "2004.??.??"]
[EventType "swiss"]
[EventRounds "9"]
[EventCountry "DEN"]

1. e4 e5 2. Nf3 d6 3. Bc4 h6 4. Nc3 c6 5. O-O Nf6 6. d4 exd4 7. Qxd4 Nbd7 8.
Bf4 Qb6 9. Bb3 Qxd4 10. Nxd4 Be7 11. Nf5 Ne5 12. Nxg7+ Kf8 13. Nf5 Bxf5 14.
exf5 Kg7 15. Rfe1 Nfd7 16. Bxe5+ dxe5 17. Rad1 Rad8 18. f4 Bc5+ 19. Kf1 exf4
20. Ne4 Nf6 21. Nxc5 Rxd1 22. Rxd1 b6 23. Na4 Ng4 24. Rd7 Ne3+ 25. Kf2 Nxf5 26.
Rxf7+ Kg6 27. Rxa7 b5 28. Nc5 Rd8 29. Bf7+ 1-0

[Event "Vesterhavsturneringen 2004"]
[Site "Esbjerg"]
[Date "2004.07.04"]
[Round "3"]
[White "Jessen, Ernst J"]
[Black "Hein, Jacob"]
[Result "1-0"]
[WhiteElo "1633"]
[BlackElo "1317"]
[PlyCount "57"]
[EventDate "2004.??.??"]
[EventType "swiss"]
[EventRounds "9"]
[EventCountry "DEN"]

1. e4 e5 2. Nf3 Nf6 3. Nc3 d6 4. Bc4 h6 5. h3 c6 6. a3 b5 7. Ba2 Bb7 8. d3 Nbd7
9. O-O g5 10. Ne2 g4 11. hxg4 Nxg4 12. Ng3 Nxf2 13. Rxf2 Qb6 14. Kf1 Nf6 15.
Nxe5 Qxf2+ 16. Kxf2 dxe5 17. Qf3 Bg7 18. Nh5 Nxh5 19. Qxf7+ Kd8 20. Qxh5 Rf8+
21. Ke2 Kc7 22. Be3 Rad8 23. Be6 Rf6 24. Bf5 Rg8 25. g4 Kd6 26. d4 Ba6 27. Kf2
Bc8 28. dxe5+ Kxe5 29. Qh2# 1-0

[Event "Vesterhavsturneringen 2004"]
[Site "Esbjerg"]
[Date "2004.07.04"]
[Round "3"]
[White "Kaarsberg, Allan"]
[Black "Hansen, John Nyholm"]
[Result "0-1"]
[WhiteElo "1766"]
[BlackElo "2021"]
[PlyCount "92"]
[EventDate "2004.??.??"]
[EventType "swiss"]
[EventRounds "9"]
[EventCountry "DEN"]

1. f4 g6 2. Nf3 Bg7 3. e3 c5 4. d3 d5 5. Be2 Nf6 6. O-O O-O 7. Qe1 Nc6 8. Nbd2
b5 9. Ne5 Nxe5 10. fxe5 Nd7 11. d4 Qb6 12. c3 cxd4 13. cxd4 f6 14. exf6 Nxf6
15. Qh4 e5 16. Nf3 e4 17. Ne5 Be6 18. Qg5 Rac8 19. Bd1 Qc7 20. Bd2 a5 21. Rc1
Qb6 22. Be2 b4 23. h4 Qd6 24. g4 Rxc1 25. Rxc1 Rc8 26. Rxc8+ Bxc8 27. h5 Nd7
28. hxg6 Nxe5 29. gxh7+ Kxh7 30. Qh5+ Qh6 31. dxe5 Qxh5 32. gxh5 Bxe5 33. Bc1
Kh6 34. Kg2 Bd7 35. b3 Be8 36. a3 Bxh5 37. Bxh5 Kxh5 38. axb4 axb4 39. Kh3 Bc3
40. Kg3 Kg5 41. Kh3 Kf5 42. Kh4 Ke5 43. Kg4 d4 44. exd4+ Kxd4 45. Kf4 Kd3 46.
Be3 Bd4 0-1

[Event "Vesterhavsturneringen 2004"]
[Site "Esbjerg"]
[Date "2004.07.04"]
[Round "3"]
[White "Kjaergaard Jensen, Jesper"]
[Black "Jensen, Torben Richard"]
[Result "1-0"]
[WhiteElo "2124"]
[BlackElo "1898"]
[PlyCount "55"]
[EventDate "2004.??.??"]
[EventType "swiss"]
[EventRounds "9"]
[EventCountry "DEN"]

1. d4 d5 2. Nf3 Bf5 3. Bf4 Nf6 4. c3 e6 5. Nbd2 Bd6 6. g3 Bxf4 7. gxf4 Nbd7 8.
Rg1 c5 9. e3 Qb6 10. Qb3 Qxb3 11. axb3 cxd4 12. Nxd4 Bg6 13. Nb5 O-O 14. Nf3 a6
15. Nbd4 Rfe8 16. Ne5 Nxe5 17. fxe5 Nd7 18. f4 f6 19. exf6 Nxf6 20. Bh3 e5 21.
Be6+ Bf7 22. fxe5 Bxe6 23. exf6 g6 24. Kd2 Kf7 25. Raf1 Rad8 26. Rf4 Rd6 27.
Nf3 h6 28. Ne5+ 1-0

[Event "Vesterhavsturneringen 2004"]
[Site "Esbjerg"]
[Date "2004.07.04"]
[Round "3"]
[White "Knudsen, Michael"]
[Black "Nielsen, Jorgen Kamp"]
[Result "0-1"]
[WhiteElo "1462"]
[BlackElo "1291"]
[PlyCount "86"]
[EventDate "2004.??.??"]
[EventType "swiss"]
[EventRounds "9"]
[EventCountry "DEN"]

1. e4 Nf6 2. e5 Nd5 3. d4 d6 4. c4 Nb6 5. exd6 cxd6 6. Nf3 Bf5 7. Nc3 Nc6 8. a3
e6 9. Bd3 Be7 10. Be2 O-O 11. b4 d5 12. c5 Nd7 13. Bf4 Bg4 14. Nb5 Bxf3 15.
Bxf3 e5 16. dxe5 Ndxe5 17. Qxd5 Nd3+ 18. Kf1 Qxd5 19. Bxd5 Nxf4 20. Bf3 Bf6 21.
Rd1 Rfd8 22. Nd6 Rab8 23. g3 Ne6 24. Kg2 Ned4 25. Bd5 Rd7 26. b5 Ne7 27. Bxf7+
Kf8 28. Bh5 b6 29. Ne4 bxc5 30. Nxc5 Rd5 31. Rxd4 Bxd4 32. Ne6+ Kg8 33. Rd1
Rxh5 34. Rxd4 Rhxb5 35. Rf4 Ng6 36. Rf3 Rb3 37. Rf5 R8b5 38. Rxb5 Rxb5 39. Nd4
Rd5 40. Nc6 a5 41. f4 a4 42. Nb4 Rb5 43. Kh3 Rxb4 0-1

[Event "Vesterhavsturneringen 2004"]
[Site "Esbjerg"]
[Date "2004.07.04"]
[Round "3"]
[White "Konradsen, Vagn"]
[Black "Hansen, John B"]
[Result "0-1"]
[WhiteElo "1196"]
[BlackElo "1741"]
[PlyCount "86"]
[EventDate "2004.??.??"]
[EventType "swiss"]
[EventRounds "9"]
[EventCountry "DEN"]

1. c4 e5 2. Nc3 Nf6 3. d3 d5 4. Nxd5 Nxd5 5. cxd5 Qxd5 6. e4 Bb4+ 7. Bd2 Qa5 8.
a3 Bxd2+ 9. Qxd2 Qxd2+ 10. Kxd2 Nc6 11. b4 Be6 12. Nf3 f6 13. Be2 O-O-O 14.
Rhc1 Bg4 15. Rc3 Bxf3 16. Bxf3 h5 17. Rac1 Rd7 18. g4 Nd4 19. Bd1 h4 20. h3 g5
21. Ba4 Re7 22. Bd1 Ne6 23. Be2 Rd8 24. Ke3 Rd6 25. Bf1 Nd4 26. Be2 c6 27. Bf1
Red7 28. a4 Kd8 29. a5 Nb5 30. Rc4 Rd4 31. Be2 Na3 32. R4c3 Nb5 33. Rc4 Rxc4
34. dxc4 Nd4 35. Rc3 Kc7 36. Bd3 b6 37. a6 Ne6 38. b5 Nf4 39. bxc6 Kxc6 40. Bc2
Kc5 41. Ba4 Rd4 42. Bb5 Nxh3 43. Rd3 Rxd3+ 0-1